000 01026nam a2200373 a 4500
003 AR-BaBNM
005 20251128203632.0
008 082120s2002 ||||||||||||||000 | spa||
040 _cAR-BaBNM
100 1 _aPalma, Ricardo
245 0 0 _aTradiciones peruanas
250 _a4ª ed.
260 _aBuenos Aires
_bTroquel
_c1963
300 _a230 p.
490 0 _aClásicos Troquel
500 _aContiene algunos juicios críticos sobre la obra en p. 225
650 4 _aROMANTICISMO
650 4 _aCONQUISTA DE AMERICA
650 4 _aLITERATURA LATINOAMERICANA
650 4 _aLEYENDAS
650 4 _aCOSTUMBRES Y TRADICIONES
650 4 _aANTROPOLOGIA CULTURAL Y SOCIAL
650 4 _aMITOLOGIA
650 4 _aLITERATURA FOLKLORICA
650 4 _aRELIGION
650 4 _aHISTORIA AMERICANA
653 _aLITERATURA PERUANA
653 _aCULTURAS PRECOLOMBINAS
655 _aLITERATURA
700 1 _aOriz, Lucilio
_ecompilador
800 1 _aCaillet-Bois, Julio
_edirector
942 _cBK
998 _cMARTIN
999 _c4256
_d4256